1722 1471 1285 1660 1363 1242 1152 1849 1831 1337 1345 1365 1752 1532 1836 1256 1004 1037 1264 1967 1024 1492 1027 1470 1212 1103 1792 1009 1989 1900 1645 1381 1883 1940 1116 1776 1115 1318 1608 1001 1595 1378 1574 1931 1930 1386 1985 1223 1185 1015 1068 1443 1057 1327 1549 1486 1433 1531 1251 1570 1291 1755 1723 1144 1139 1210 1951 1392 1414 1674 1047 1107 1023 1488 1101 1456 1013 1670 1187 1646 1974 1536 1510 1933 1647 1888 1766 1176 1635 1065 1722 1129 1731 1473 1613 1245 1976 1511 1709 BCNSPRNW ULIB Ver.6.0+V

เปลี่ยนเป็นภาษาไทย

Change to English
 แสดงรายละเอียดบรรณานุกรม
  กลับหน้าหลัก

Brief Record : Get Marc (ISO 2709) : E-mail record : QR code < ปิดหน้าต่าง
LEADER : 00000nam 2200000uu 4500
001    13399122735
003     ULIB
008    020711s2555 th a 000 0 tha d
020    9786162132513
050  4 DS520^bก323ก
100    กวิตา ถนอมงาม
245    เกมถาม-ตอบ รอบรู้อาเซีน/^cกวิตา ถนอมงาม
250    พิมพ์ครั้งที่ 1
260    กรุงเทพฯ :^bสกายบุ๊กส์,^c2555
440  0 ชุด ประชาคมอาเซียนฉบับการ์ตูน
650  7 อาเซียน^xเสริมความรู้
650  7 อาเซียน^xเกม
650  7 อาเซียน^xถามตอบ
945    ^p119^l0^i20177
999    ^aทศพร เกษรทอง
รายการนี้ยังไม่มีแท็ก
คุณยังไม่ได้ล็อกอิน คุณสามารถมีกิจกรรมร่วมกับเว็บไซต์ได้ แต่ต้องล็อกอินก่อน ::
  ล็อกอิน

รายการสื่อสารสนเทศ

ลำดับที่ ประเภท เลขเรียก/บาร์โค้ด สถานที่ สถานะ
1. การศึกษาทั่วไป
การศึกษาทั่วไป
DS520 ก323ก ฉ.1 
  Barcode: 20177
ห้องสมุดวิทยาเขตนครสวรรค์
►หนังสือทั่วไป:l:General Books
บนชั้น

รายการใกล้เคียง
    ผู้แต่ง [กวิตา ถนอมงาม]

BibComment


ยังไม่เคยถูกคอมเมนท์

คอมเมนท์ทรัพยากรรายการนี้
  คอมเมนท์: เกมถามตอบ รอบรู้อ..


 Copyright 2026. Bcnsprnw @Library